000
00298nam a2200121Ia 4500
008
241002s9999 xx 000 0 und d
082
_a
362.1 HUX
100
_a
Huxley, Julian
245
0
_a
Scientific Research and Social Needs
260
_a
London:
_c
N/A
600
_a
Social Sciences
942
_c
UC
999
_c
18551
_d
18551